Miriam, prečo plačeš? utrpenie žien po potrate

Bibliographic Details
Other Authors: Bernadič, Ján (Translator)
Format: Book
Language:Slovak
PhysicalDescription:151 s., [3] s. fareb. obr. príl. 21 cm
Published: Trnava [Košice] Spolok svätého Vojtecha Nadácia Áno životu 1998
ISBN:8071622427
Subjects:

MARC

LEADER 00000nam a2200000 a 4500
001 vtls001352507
003 SK-MaSNL
005 20260301070408.0
008 240226s1998 xo a r slo
015 |a SNBA1999/05-01842 
020 |a 8071622427  |z 8071622422 
035 |a SNK000305889 
035 |a urn:nbn:sk:snk-amkiqo 
035 |a urn:nbn:sk:snk-am008hfo 
035 |a EB380DDB-EF33-4872-AB32-D04BB5A9FE03 
040 |a SNK  |b slo  |c SNK  |e AACR2 
041 0 |a slo 
044 |a xo  |c SK 
080 |a 618.39-089.888.14:616.89-008.454  |2 1981 
130 1 |a Myriam, warum weinst Du?  |l Slovensky  |9 386535 
245 0 0 |a Miriam, prečo plačeš?  |b utrpenie žien po potrate  |c [z nemeckého originálu preložil] Ján Bernadič 
260 |a Trnava  |b Spolok svätého Vojtecha  |a [Košice]  |b Nadácia Áno životu  |c 1998 
300 |a 151 s., [3] s. fareb. obr. príl.  |c 21 cm 
650 0 7 |a interrupcia  |2 SNKPH  |9 14149 
650 0 7 |a psychické traumy  |2 SNKPH  |9 71373 
655 7 |a príručky  |2 SNK  |9 74364 
700 1 |a Bernadič, Ján  |4 trl  |9 341925 
919 |a 80-7162-242-7 
958 |a TL 
958 |a OP 
958 |a NS 
958 |a DE 
968 |b DT 
999 |c 634193  |d 636123 
952 |t P60, <03>, [BOOK], {603}  |a SNK  |b SNK  |y PREZ  |7 0  |p 17A0177139  |o snkSC 97593  |i snkKSP 308/99  |0 0  |1 0  |4 0  |d 1999-01-15  |f 1  |l 0  |r 2025-09-17 00:00:00  |w 2026-02-23 
952 |t P60, <04>, [BOOK], {604}  |a SNK  |b SNK  |y VYP  |7 0  |p 17A0177140  |o snkSC 97593 D1  |i snkKSP 309/99  |0 0  |1 0  |4 0  |d 1999-01-15  |l 0  |r 2005-01-02 00:00:00  |w 2026-02-23